Pulsion d'agression : de la mise en acte à la représentation (notice n° 2225427)

détails MARC
000 -LEADER
fixed length control field 02273cam a2200169 4500500
005 - DATE AND TIME OF LATEST TRANSACTION
control field 20260426020106.0
041 ## - LANGUAGE CODE
Language code of text/sound track or separate title fre
042 ## - AUTHENTICATION CODE
Authentication code dc
100 10 - MAIN ENTRY--PERSONAL NAME
Personal name Fiatte, Colette
Relator term author
245 00 - TITLE STATEMENT
Title Pulsion d'agression : de la mise en acte à la représentation
260 ## - PUBLICATION, DISTRIBUTION, ETC.
Date of publication, distribution, etc. 2005.<br/>
500 ## - GENERAL NOTE
General note 89
520 ## - SUMMARY, ETC.
Summary, etc. Après avoir relaté les grandes lignes du décor freudien à propos du concept d’agressivité, le regard est porté sur la prise en compte et la signification de ces « pulsions agressives » chez des adolescents dyssociaux lors d’approches psychothérapiques individuelle et de groupe. Destruction de l’objet œdipien, culpabilité, représailles castratrices, sont des éléments présents dans les productions graphiques de ces jeunes; nous assistons à leur représentation, à leur déploiement dans le langage du rêve-éveillé, dans cet espace proposé au « bon moment ». L’interrogation est enfin posée au sujet de l’inscription non plus génitale mais préœdipienne de certaines expressions où la « violence fondamentale » telle que Bergeret la décrit, semble être à l’œuvre et ne saurait être confondue avec les « pulsions agressives ».
520 ## - SUMMARY, ETC.
Summary, etc. Aggressive instinct : from acting to representing Once the essential aspects of the Freudian wane on the aggressiveness concept have been reported, attention is turned to the significance and importance attached to these « aggressive feelings » experienced by dissocial teenagers during individual and group psychotherapy. The destruction of the Œdipal object, guilt and castrational reprisals are all illustrated through the drawings of these young people. We are then the spectator of their representation and description in the “waken dream language”, in this space given at the “right moment”. The question is then raised of the inscription, no longer genital but preœdipal, of certain expressions in which the fundamental violence described by Bergeret seems to operate and could not possibly be confused with “aggressive feelings.”
786 0# - DATA SOURCE ENTRY
Note Imaginaire & Inconscient | 16 | 2 | 2005-11-01 | p. 77-87 | 1628-9676
856 41 - ELECTRONIC LOCATION AND ACCESS
Uniform Resource Identifier <a href="https://shs.cairn.info/revue-imaginaire-et-inconscient-2005-2-page-77?lang=fr&redirect-ssocas=7080">https://shs.cairn.info/revue-imaginaire-et-inconscient-2005-2-page-77?lang=fr&redirect-ssocas=7080</a>

Pas d'exemplaire disponible.

PLUDOC

PLUDOC est la plateforme unique et centralisée de gestion des bibliothèques physiques et numériques de Guinée administré par le CEDUST. Elle est la plus grande base de données de ressources documentaires pour les Étudiants, Enseignants chercheurs et Chercheurs de Guinée.

Adresse

627 919 101/664 919 101

25 boulevard du commerce
Kaloum, Conakry, Guinée

Réseaux sociaux

Powered by Netsen Group @ 2025